000 00341nam a22001457a 4500
008 221010b ||||| |||| 00| 0 eng d
020 _a0471788740
041 _aeng
080 _2SIXTH EDITION
_a610.
082 _a610
100 _a5
101 _aMJEK
245 _aTHE SYSTEMATIC IDENTIFICATION OF ORAGANIC
_cSHRINER
942 _2udc
_cBK
999 _c58457
_d58457